A Course in theoretical physics (Record no. 18938)

MARC details
000 -LEADER
fixed length control field 00480nam a2200181Ia 4500
003 - CONTROL NUMBER IDENTIFIER
control field IN-BaIIA
008 - FIXED-LENGTH DATA ELEMENTS--GENERAL INFORMATION
fixed length control field 211028s9999 xx 000 0 eng d
020 ## - INTERNATIONAL STANDARD BOOK NUMBER
International Standard Book Number 978-1-118-48142-4
040 ## - CATALOGING SOURCE
Transcribing agency IIA Library
080 ## - UNIVERSAL DECIMAL CLASSIFICATION NUMBER
Universal Decimal Classification number 530.1
Item number SHE
100 ## - MAIN ENTRY--PERSONAL NAME
Personal name Shepherd, P. J
9 (RLIN) 36170
245 #2 - TITLE STATEMENT
Title A Course in theoretical physics
Statement of responsibility, etc. P. J. Shepherd
260 ## - PUBLICATION, DISTRIBUTION, ETC.
Place of publication, distribution, etc. West Sussex
Name of publisher, distributor, etc. Wiley
Date of publication, distribution, etc. 2013
300 ## - PHYSICAL DESCRIPTION
Extent xvi, 465p.
650 ## - SUBJECT ADDED ENTRY--TOPICAL TERM
Topical term or geographic name entry element Quantum theory
650 ## - SUBJECT ADDED ENTRY--TOPICAL TERM
Topical term or geographic name entry element Statistical physics
9 (RLIN) 4158
942 ## - ADDED ENTRY ELEMENTS (KOHA)
Koha item type Books
Holdings
Withdrawn status Lost status Damaged status Not for loan Home library Current library Shelving location Date acquired Source of acquisition Cost, normal purchase price Total Checkouts Full call number Barcode Date last seen Cost, replacement price Price effective from Koha item type Purchase Price
        IIA Library-Bangalore IIA Library-Bangalore General Stacks 01/12/2014 INT 2931.00   530.1/ SHE 19860 05/11/2021 2931.00 01/12/2014 Books Rs. 2931.00

Powered by Koha